New technologies for the intelligent design and operation of manufacturing networks results and perspectives from the European AITPL project cluster

Salvato in:
Dettagli Bibliografici
Altri autori: Rabe, Markus, Mihók, Peter
Natura: Libro
Lingua:inglese
Pubblicazione: Stuttgart Fraunhofer IRB Verlag 2007
Soggetti:
Tags: Aggiungi Tag
Nessun Tag, puoi essere il primo ad aggiungerne!!

MARC

LEADER 00000nam$a2200000$$$4500
001 0108942
005 20240315123208.8
020 |a 978-3-8167-7520-1 
041 0 |a eng 
044 |a DE 
245 1 0 |a New technologies for the intelligent design and operation of manufacturing networks  |b results and perspectives from the European AITPL project cluster  |c Markus Rabe, Peter Mihók (Hrsg.) 
264 1 |a Stuttgart  |b Fraunhofer IRB Verlag  |c 2007 
300 |a 214 s. 
610 2 0 |a technológie nové 
610 2 0 |a výroba priemyselná 
610 2 0 |a projekty 
610 2 0 |a výskum 
610 2 0 |a produkty 
610 2 0 |a riadenie výroby 
610 2 0 |a spolupráca vedeckovýskumná 
700 1 |a Rabe, Markus 
700 1 |a Mihók, Peter